LEADER 01036nam0 22002771i 450 001 UON00298053 005 20231205103951.204 100 $a20070628d1966 |0itac50 ba 101 $aita 102 $aIT 105 $a|||| ||||| 200 1 $aˆLa ‰pozza del mendico$fMiguel Angel Asturias$gtraduzione dallo spagnolo di Emilia Mancuso 210 $aS.l.$cVeutro$d1966 215 $a220 p.$d22 cm. 500 1$3UON00376944$aˆEl ‰alhajadito$954916 620 $ds.l.$3UONL001369 676 $aGu863$cLetteratura guatemalteca. Narrativa$v21 700 1$aASTURIAS$bMiguel Angel$3UONV111456$0131224 702 1$aMANCUSO$bEmilia$3UONV171435 712 $aVeutro$3UONV273594$4650 801 $aIT$bSOL$c20240220$gRICA 899 $aSIBA - SISTEMA BIBLIOTECARIO DI ATENEO$2UONSI 912 $aUON00298053 950 $aSIBA - SISTEMA BIBLIOTECARIO DI ATENEO$dSI Isp.A Gu 860 a 006 $eSI DA 1614 5 006 $sBuono 996 $aAlhajadito$954916 997 $aUNIOR LEADER 00862nam0-2200301 --450 001 9911002684903321 005 20251002120019.0 010 $a88-8402-454-4 100 $a20250603d2004----kmuy0itay5050 ba 101 2 $aita$clat 102 $aIT 105 $a 001yy 200 1 $aEroidi$fOvidio$ga cura di Luciano Paolicchi$gintroduzione di Paolo Fedeli 210 $aRoma$cSalerno$d[2004] 215 $aXXXVII, 736 p.$d12 cm 225 1 $a<>diamanti 300 $aTesto orig. a fronte 676 $a874.01 700 1$aOvidius Naso,$bPublius$0154954 702 1$aFedeli,$bPaolo$f<1939- > 702 1$aPaolicchi,$bLuciano 801 0$aIT$bUNINA$gREICAT$2UNIMARC 901 $aBK 912 $a9911002684903321 952 $aP2B 650 OV 04 (2)$b2025/3419 DMS$fFLFBC 959 $aFLFBC 996 $aEpistulae Heroidum$949774 997 $aUNINA